Statistics for Biggest World Cities by Letter - M

Click here to take the quiz!

General Stats

  • This quiz has been taken 64,589 times
    (24,119 since last reset)
  • The average score is 14 of 20

Answer Stats

CountryPopulationCity% Correct
Mexico22.8 milMexico City
99%
Russia17.2 milMoscow
98%
Spain6.45 milMadrid
98%
Philippines25.2 milManila
96%
Italy5.20 milMilan
93%
India24.7 milMumbai
92%
Australia4.85 milMelbourne
91%
United Kingdom3.05 milManchester
89%
Germany2.28 milMunich
87%
Canada4.25 milMontreal
85%
United States6.35 milMiami
75%
Saudi Arabia2.08 milMecca
64%
Colombia3.95 milMedellín
58%
United States3.15 milMinneapolis
54%
Mozambique2.88 milMaputo
45%
Mexico4.93 milMonterrey
45%
Brazil2.18 milManaus
37%
Venezuela2.60 milMaracaibo
23%
Iran3.15 milMashhad
18%
Indonesia3.95 milMedan
18%

Score Distribution

Percentile by Number Answered

Percent of People with Each Score

Your Score History

You have not taken this quiz since the last reset